[Event "Women's Speed Chess Main"]
[Site "chess.com INT"]
[Date "2021.07.03"]
[Round "4.22"]
[White "Hou, Yifan"]
[Black "Harika, Dronavalli"]
[Result "1-0"]
[WhiteTitle "GM"]
[BlackTitle "GM"]
[WhiteElo "2658"]
[BlackElo "2515"]
[WhiteFideId "8602980"]
[BlackFideId "5015197"]
[EventDate "2021.06.12"]

1. e4 e5 2. Nf3 Nc6 3. Bc4 Nf6 4. d3 h6 5. O-O d6 6. a4 a6 7. Re1 g5 8. c3 Bg7
9. d4 Qe7 10. Nbd2 g4 11. dxe5 Nxe5 12. Nxe5 dxe5 13. Nf1 h5 14. Ne3 Bh6 15. b3
Be6 16. Ba3 Qd7 17. Nd5 Bxd5 18. exd5 O-O-O 19. Rxe5 Bf4 20. Re7 Qf5 21. Rxf7 h4
22. Qd4 Bxh2+ 23. Kxh2 g3+ 24. Kg1 h3 25. Rxf6 Qh5 26. Qf4 hxg2 27. Qf5+ Qxf5
28. Rxf5 Rh1+ 29. Kxg2 Rxa1 30. Be7 Re8 31. d6 cxd6 32. Bxd6 gxf2 33. Kxf2 Ra2+
34. Kf3 Kd7 35. Bf4 Rc2 36. Rd5+ Kc6 37. Rd6+ Kc5 38. Rd5+ Kc6 39. Rd3 Rf8 40.
Bd5+ Kb6 41. Kg3 Rf6 42. Be3+ Kc7 43. Bf4+ Kb6 44. Be4 Re2 45. Be3+ Kc7 46. a5
Re6 47. Bb6+ Rxb6 48. axb6+ Kxb6 49. Kf3 Rb2 50. b4 Rb3 51. Bd5 Ra3 52. Ke4 a5
53. bxa5+ Rxa5 54. Rg3 Ra4+ 55. Ke5 Ra3 56. Kd6 Ka6 57. Rf3 b5 58. Kc5 Ka5 59.
Kd4 b4 60. c4 Ra1 61. Rf8 Rd1+ 62. Kc5 Ka4 63. Ra8+ Kb3 64. Rb8 Kc3 65. Rxb4 1-0

[Event "Women's Speed Chess Main"]
[Site "chess.com INT"]
[Date "2021.07.03"]
[Round "4.23"]
[White "Harika, Dronavalli"]
[Black "Hou, Yifan"]
[Result "0-1"]
[WhiteTitle "GM"]
[BlackTitle "GM"]
[WhiteElo "2515"]
[BlackElo "2658"]
[WhiteFideId "5015197"]
[BlackFideId "8602980"]
[EventDate "2021.06.12"]

1. d4 Nf6 2. c4 e6 3. g3 c5 4. d5 exd5 5. cxd5 d6 6. Nc3 g6 7. Bg2 Bg7 8. Nf3
O-O 9. O-O Re8 10. Bf4 Bf5 11. Re1 Ne4 12. Qb3 Nd7 13. Nxe4 Bxe4 14. Bxd6 Qf6
15. Bf4 Qxb2 16. Rad1 Qxb3 17. axb3 Bc2 18. Rc1 Bxb3 19. e4 a5 20. Nd2 a4 21.
Bf1 Rec8 22. Bh3 Ne5 23. Bxc8 Rxc8 24. Bxe5 Bxe5 25. Nc4 Bxc4 26. Rxc4 b5 27.
Rc2 a3 28. Rec1 b4 29. Rb1 Rb8 30. Rb3 Ra8 31. Ra2 Bd6 32. Re3 c4 33. e5 Bc5 34.
Re4 b3 35. Ra1 b2 36. Rd1 a2 37. Rxc4 b1=Q 0-1

[Event "Women's Speed Chess Main"]
[Site "chess.com INT"]
[Date "2021.07.03"]
[Round "4.24"]
[White "Hou, Yifan"]
[Black "Harika, Dronavalli"]
[Result "1-0"]
[WhiteTitle "GM"]
[BlackTitle "GM"]
[WhiteElo "2658"]
[BlackElo "2515"]
[WhiteFideId "8602980"]
[BlackFideId "5015197"]
[EventDate "2021.06.12"]

1. e4 c5 2. Nf3 Nc6 3. Bb5 g6 4. Bxc6 dxc6 5. d3 Bg7 6. h3 Nf6 7. Nc3 Nd7 8. Be3
e5 9. Qd2 h6 10. O-O b6 11. Nh2 Nf8 12. f4 exf4 13. Bxf4 Ne6 14. Bg3 Qg5 15. Qe1
O-O 16. e5 Nd4 17. Ne4 Qd8 18. Nf6+ Bxf6 19. exf6 Re8 20. Qf2 Re2 21. Qf4 g5 22.
Qc1 Rxc2 23. Qe1 Re2 24. Qd1 Qd5 25. Rf2 Rxf2 26. Bxf2 Bf5 27. Qh5 Kh7 28. Ng4
Bxg4 29. Qxg4 Re8 30. Rf1 Qf5 31. Qh5 Qg6 32. Qg4 Ne2+ 33. Kh2 Re6 34. Bxc5 bxc5
35. Qxe6 fxe6 36. f7 Qxd3 37. f8=Q Qg3+ 38. Kh1 Nf4 39. Qf7+ Kh8 40. Qe8+ Kh7
41. Qxc6 Qe3 42. Qf3 Qd2 43. Rd1 Qxb2 44. Rd7+ Kg6 45. Qe4+ Kf6 46. Qf3 Qc1+ 47.
Kh2 Qb2 48. Qe4 Qe5 49. Rf7+ Kxf7 50. Qxe5 1-0

[Event "Women's Speed Chess Main"]
[Site "chess.com INT"]
[Date "2021.07.03"]
[Round "4.25"]
[White "Harika, Dronavalli"]
[Black "Hou, Yifan"]
[Result "0-1"]
[WhiteTitle "GM"]
[BlackTitle "GM"]
[WhiteElo "2515"]
[BlackElo "2658"]
[WhiteFideId "5015197"]
[BlackFideId "8602980"]
[EventDate "2021.06.12"]

1. c4 c5 2. Nc3 Nf6 3. Nf3 b6 4. g3 Bb7 5. Bg2 g6 6. O-O Bg7 7. b3 O-O 8. Bb2 d6
9. d4 cxd4 10. Qxd4 Nbd7 11. Rad1 Nc5 12. Qd2 Rc8 13. Nd4 Bxg2 14. Kxg2 Qd7 15.
f3 a6 16. Nd5 b5 17. Nb6 Qb7 18. Nxc8 Rxc8 19. Rc1 bxc4 20. Rxc4 d5 21. Rcc1 e5
22. Nc2 d4 23. Qb4 Qa8 24. Qa5 Bh6 25. Nxd4 Bxc1 26. Rxc1 Nfd7 27. b4 exd4 28.
bxc5 Qd5 29. Qxa6 Re8 30. c6 Nc5 31. Qb5 d3 32. Qxc5 Rxe2+ 33. Kh3 Qxf3 34. Qd4
Qg2+ 35. Kg4 Re4+ 36. Kg5 Rxd4 37. Bxd4 Qd5+ 38. Kf6 Qxd4+ 39. Ke7 d2 40. c7
dxc1=Q 0-1

[Event "Women's Speed Chess Main"]
[Site "chess.com INT"]
[Date "2021.07.03"]
[Round "4.26"]
[White "Hou, Yifan"]
[Black "Harika, Dronavalli"]
[Result "1/2-1/2"]
[WhiteTitle "GM"]
[BlackTitle "GM"]
[WhiteElo "2658"]
[BlackElo "2515"]
[WhiteFideId "8602980"]
[BlackFideId "5015197"]
[EventDate "2021.06.12"]

1. e4 c5 2. Nc3 Nc6 3. Bb5 Nd4 4. Nf3 a6 5. Bd3 e6 6. Nxd4 cxd4 7. Ne2 Bc5 8. c3
dxc3 9. dxc3 Ne7 10. O-O O-O 11. Nf4 Ng6 12. Qe2 d6 13. Rd1 Qe7 14. Nxg6 hxg6
15. Be3 b5 16. a4 b4 17. Bxc5 dxc5 18. cxb4 cxb4 19. Rac1 Bb7 20. h3 Rfd8 21.
Qe3 Rd7 22. Be2 Rxd1+ 23. Bxd1 Rc8 24. Rxc8+ Bxc8 25. Qb6 Bb7 26. Bf3 g5 27. a5
g6 28. g3 Kg7 29. Kg2 e5 30. Kh2 f5 31. Bg2 fxe4 32. Qe3 Qf6 33. Kg1 Kh6 34.
Bxe4 Bxe4 35. Qxe4 Qd6 36. h4 gxh4 37. Qxh4+ Kg7 38. Qe4 Qc5 39. Qb7+ Kh6 40.
Qh1+ Kg5 41. Qh4+ Kf5 42. Qh3+ Kf6 43. Qh4+ Kf5 44. Qh3+ Kf6 45. Qh4+ Kf5 1/2-1/2

[Event "Women's Speed Chess Main"]
[Site "chess.com INT"]
[Date "2021.07.03"]
[Round "4.27"]
[White "Harika, Dronavalli"]
[Black "Hou, Yifan"]
[Result "1/2-1/2"]
[WhiteTitle "GM"]
[BlackTitle "GM"]
[WhiteElo "2515"]
[BlackElo "2658"]
[WhiteFideId "5015197"]
[BlackFideId "8602980"]
[EventDate "2021.06.12"]

1. c4 e6 2. Nf3 Nf6 3. g3 d5 4. Bg2 Be7 5. O-O O-O 6. d4 dxc4 7. Qc2 a6 8. a4
Bd7 9. Bg5 Bc6 10. Qxc4 Bd5 11. Qc2 Be4 12. Qc1 h6 13. Bxf6 Bxf6 14. Nc3 Bxf3
15. Bxf3 c6 16. e3 a5 17. Ne4 Na6 18. Rd1 Be7 19. Kg2 Qb6 20. h4 Rfd8 21. h5
Rac8 22. Qc4 Nb4 23. Rac1 Qc7 24. b3 Nd5 25. Rc2 Nf6 26. Nxf6+ Bxf6 27. Rcd2 Be7
28. Be4 Bb4 29. Rd3 Qe7 30. Bf3 Qg5 31. e4 Qe7 32. Qc2 Rc7 33. Qc4 Rcd7 34. d5
cxd5 35. exd5 e5 36. Qe4 Rc7 37. Re3 Bc5 38. Re2 Re8 39. Qf5 Qd7 40. Qxd7 Rxd7
41. Bg4 Rd6 42. Bf5 Kf8 43. Be4 b6 44. g4 Rf6 45. f3 Ke7 46. Rc2 Kd6 47. Rdc1
Re7 48. Rc4 Rf4 49. R4c2 Re8 50. Rc4 Re7 51. R4c2 Re8 52. Rc4 Re7 1/2-1/2

[Event "Women's Speed Chess Main"]
[Site "chess.com INT"]
[Date "2021.07.03"]
[Round "4.28"]
[White "Hou, Yifan"]
[Black "Harika, Dronavalli"]
[Result "1-0"]
[WhiteTitle "GM"]
[BlackTitle "GM"]
[WhiteElo "2658"]
[BlackElo "2515"]
[WhiteFideId "8602980"]
[BlackFideId "5015197"]
[EventDate "2021.06.12"]

1. e4 c5 2. Nc3 Nc6 3. Bb5 Nd4 4. Nf3 a6 5. Bc4 b5 6. Bd5 Rb8 7. Nxd4 cxd4 8.
Ne2 e6 9. Bb3 Bc5 10. d3 Ne7 11. O-O O-O 12. Ng3 d6 13. f4 Kh8 14. Bd2 Bd7 15.
Kh1 a5 16. a3 a4 17. Ba2 f5 18. exf5 Nxf5 19. Nxf5 Rxf5 20. Qe2 Rf6 21. f5 Rxf5
22. Rxf5 exf5 23. Re1 Qf8 24. Bg5 h6 25. Be7 Qe8 26. Qf2 Qg6 27. Bd5 Re8 28. h3
b4 29. axb4 Bxb4 30. Re2 Bc5 31. Kh2 Kh7 32. Qh4 Rb8 33. Bf3 Kh8 34. Bh5 Qh7 35.
Bd8 g5 36. Bf6+ Kg8 37. Qe1 Rf8 38. Re7 1-0

[Event "Women's Speed Chess Main"]
[Site "chess.com INT"]
[Date "2021.07.03"]
[Round "4.29"]
[White "Harika, Dronavalli"]
[Black "Hou, Yifan"]
[Result "1/2-1/2"]
[WhiteTitle "GM"]
[BlackTitle "GM"]
[WhiteElo "2515"]
[BlackElo "2658"]
[WhiteFideId "5015197"]
[BlackFideId "8602980"]
[EventDate "2021.06.12"]

1. d4 Nf6 2. c4 e6 3. Nc3 Bb4 4. e3 O-O 5. Bd2 b6 6. Nf3 Bb7 7. Bd3 d5 8. cxd5
exd5 9. Rc1 a6 10. Ne5 Nbd7 11. O-O Qe7 12. f4 c5 13. a3 Bxc3 14. Bxc3 Ne4 15.
Bxe4 dxe4 16. Nxd7 Qxd7 17. dxc5 Qxd1 18. Rfxd1 bxc5 19. Rd7 Bc6 20. Rc7 Rfc8
21. Be5 Rxc7 22. Bxc7 Rc8 23. Bd6 Bb5 24. Rxc5 Rxc5 25. Bxc5 f5 26. Kf2 Kf7 27.
Ke1 Ke6 28. Kd2 Kd5 29. Bd4 g6 30. Kc3 Bf1 31. g3 Be2 32. Kb4 Kc6 33. b3 Bd1 34.
a4 Bc2 35. Kc3 Bd1 36. Kb4 Bc2 37. Ka3 Bd1 38. Kb2 Kd5 39. Kc3 Kc6 40. Bg7 Kd5
41. Bf8 Be2 42. b4 Bd3 43. Be7 Be2 44. Bc5 Bd3 45. Bd4 Be2 46. b5 axb5 47. a5
b4+ 48. Kxb4 Ba6 49. Bb6 Kc6 50. Bd4 Kd5 51. Bb6 Kc6 52. Bd4 Kd5 1/2-1/2

[Event "Women's Speed Chess Main"]
[Site "chess.com INT"]
[Date "2021.07.03"]
[Round "4.31"]
[White "Hou, Yifan"]
[Black "Harika, Dronavalli"]
[Result "0-1"]
[WhiteTitle "GM"]
[BlackTitle "GM"]
[WhiteElo "2658"]
[BlackElo "2515"]
[WhiteFideId "8602980"]
[BlackFideId "5015197"]
[EventDate "2021.06.12"]

1. e4 e6 2. d4 d5 3. Nc3 Bb4 4. e5 c5 5. a3 Bxc3+ 6. bxc3 Qc7 7. Nf3 b6 8. h4
Ne7 9. h5 h6 10. Bb5+ Bd7 11. Bd3 c4 12. Be2 Ba4 13. O-O Nbc6 14. Nh4 O-O-O 15.
g3 Rdg8 16. Bf4 Kb7 17. Qd2 Qd8 18. Kg2 Qf8 19. Bg4 Nd8 20. Be3 g6 21. Rh1 Nf5
22. hxg6 fxg6 23. Nxf5 gxf5 24. Bf3 Nf7 25. Rh5 Ng5 26. Bxg5 hxg5 27. Rxh8 Rxh8
28. Qxg5 Bxc2 29. a4 Rg8 30. Qf4 Be4 31. a5 Rg4 32. Qd2 f4 33. axb6 fxg3 34.
Bxe4 gxf2+ 35. Kh3 Rxe4 36. Rxa7+ Kxb6 37. Ra1 f1=Q+ 0-1

[Event "Women's Speed Chess Main"]
[Site "chess.com INT"]
[Date "2021.07.03"]
[Round "4.32"]
[White "Harika, Dronavalli"]
[Black "Hou, Yifan"]
[Result "1/2-1/2"]
[WhiteTitle "GM"]
[BlackTitle "GM"]
[WhiteElo "2515"]
[BlackElo "2658"]
[WhiteFideId "5015197"]
[BlackFideId "8602980"]
[EventDate "2021.06.12"]

1. b3 g6 2. Bb2 Nf6 3. Nf3 Bg7 4. g3 b6 5. Bg2 Bb7 6. O-O O-O 7. c4 c5 8. Nc3 d6
9. d4 cxd4 10. Qxd4 Nbd7 11. Rac1 Nc5 12. Rfd1 Rc8 13. h3 a6 14. Qe3 Re8 15. Ba1
Qd7 16. Nd4 Bxg2 17. Kxg2 Qb7+ 18. Qf3 Qxf3+ 19. Kxf3 e6 20. Kg2 Red8 21. Nc2
Kf8 22. Ne3 Ke7 23. Rc2 h5 24. Rcd2 Bh6 25. f4 h4 26. Nf1 hxg3 27. e3 Nfe4 28.
Nxe4 Nxe4 29. Rd4 Nf2 30. R1d2 Bg7 31. Nxg3 Bxd4 32. Bxd4 b5 33. cxb5 axb5 34.
Kxf2 Rc6 35. Ne4 Rdc8 36. Bf6+ Kd7 37. Kf3 d5 38. Be5 Rc2 39. Nf6+ Ke7 40. Rxc2
Rxc2 41. a4 bxa4 42. bxa4 Ra2 43. h4 Rxa4 44. h5 gxh5 45. Nxh5 Ra2 46. Nf6 Rh2
47. Ng4 Rh1 48. Nf2 Rb1 49. Nd3 Rb3 50. Ne1 Rb1 51. Nc2 Rc1 52. Nd4 f6 53. Bb8
Kd7 54. Ke2 Ra1 55. f5 e5 56. Ne6 Ra8 57. Bc7 Rc8 58. Ba5 Rc2+ 59. Kf3 e4+ 60.
Kg3 Re2 61. Bb6 Re1 62. Bd4 Rf1 63. Kg4 Rg1+ 64. Kf4 Rf1+ 65. Kg4 Rg1+ 66. Kh5
Ke7 67. Nf4 Rg5+ 68. Kh6 Rxf5 69. Kg7 Rg5+ 70. Ng6+ Ke6 71. Kh6 Rg3 72. Nf4+ Kf5
73. Nxd5 Ke6 74. Nxf6 Rxe3 75. Bxe3 Kxf6 76. Kh5 Kf5 77. Kh4 Ke5 78. Kg3 Kd5 79.
Kf4 1/2-1/2

[Event "Women's Speed Chess Main"]
[Site "chess.com INT"]
[Date "2021.07.03"]
[Round "4.33"]
[White "Hou, Yifan"]
[Black "Harika, Dronavalli"]
[Result "0-1"]
[WhiteTitle "GM"]
[BlackTitle "GM"]
[WhiteElo "2658"]
[BlackElo "2515"]
[WhiteFideId "8602980"]
[BlackFideId "5015197"]
[EventDate "2021.06.12"]

1. e4 e6 2. d4 d5 3. Nc3 Bb4 4. e5 c5 5. a3 Bxc3+ 6. bxc3 Qc7 7. Nf3 b6 8. a4
Ne7 9. h4 Nbc6 10. h5 h6 11. Bd3 cxd4 12. cxd4 Nb4 13. Bb5+ Bd7 14. O-O Qxc2 15.
Ba3 Qxd1 16. Raxd1 a5 17. Rc1 Bxb5 18. axb5 Kd7 19. Rb1 Rhc8 20. Bxb4 axb4 21.
Rxb4 Ra2 22. Ne1 Rc4 23. Rb1 Rxd4 24. Nf3 Rc4 25. Ra1 Rca4 26. Rxa2 Rxa2 27. Rb1
Nf5 28. g4 Ne7 29. Kg2 Ra4 30. Kg3 Nc8 31. g5 Ne7 32. gxh6 Nf5+ 33. Kg2 gxh6 34.
Kf1 Rf4 35. Ke2 Nd4+ 36. Nxd4 Rxd4 37. Ra1 Re4+ 38. Kd3 Rxe5 39. Ra7+ Kd6 40.
Rxf7 Rxh5 41. Rb7 Kc5 42. Re7 e5 43. Rd7 Rh3+ 44. Ke2 e4 45. Rd8 h5 46. Rd7 h4
47. Rd8 Rd3 48. Rh8 h3 0-1

[Event "Women's Speed Chess Main"]
[Site "chess.com INT"]
[Date "2021.07.03"]
[Round "4.34"]
[White "Harika, Dronavalli"]
[Black "Hou, Yifan"]
[Result "1/2-1/2"]
[WhiteTitle "GM"]
[BlackTitle "GM"]
[WhiteElo "2515"]
[BlackElo "2658"]
[WhiteFideId "5015197"]
[BlackFideId "8602980"]
[EventDate "2021.06.12"]

1. b3 Nf6 2. Bb2 g6 3. g3 Bg7 4. Bg2 d6 5. c4 e5 6. Nf3 O-O 7. O-O Nbd7 8. Nc3
c6 9. d4 Qe7 10. e4 a5 11. h3 exd4 12. Nxd4 Nc5 13. Re1 Nfd7 14. f4 Re8 15. Kh2
Qd8 16. Qd2 Qb6 17. Rad1 a4 18. Qc2 axb3 19. axb3 Na6 20. Na4 Qc7 21. Nf3 Bxb2
22. Qxb2 Ndc5 23. Nxc5 Nxc5 24. e5 dxe5 25. Nxe5 Bf5 26. b4 Na4 27. Qd4 Rad8 28.
Qf2 Rxd1 29. Rxd1 Nc3 30. Re1 f6 31. Nf3 Ne4 32. Qd4 Rd8 33. Qb2 Qb6 34. c5 Qc7
35. Nd4 Qd7 36. Nxf5 gxf5 37. Bxe4 fxe4 38. Rxe4 Qd2+ 39. Qxd2 Rxd2+ 40. Kg1 Kf7
41. g4 Rb2 42. f5 h6 43. h4 Kf8 44. h5 Kf7 45. Kf1 Kf8 46. Ke1 Kf7 47. Kd1 Kf8
48. Kc1 Rg2 49. Rd4 Ke7 50. Kb1 Ke8 51. Kc1 Ke7 52. Kd1 Ke8 53. Ke1 Ke7 54. Kf1
Rb2 55. Re4+ Kf8 56. Ke1 Kf7 57. Kd1 Kf8 58. Rd4 Ke7 59. Kc1 Rg2 1/2-1/2

[Event "Women's Speed Chess Main"]
[Site "chess.com INT"]
[Date "2021.07.03"]
[Round "4.35"]
[White "Hou, Yifan"]
[Black "Harika, Dronavalli"]
[Result "1-0"]
[WhiteTitle "GM"]
[BlackTitle "GM"]
[WhiteElo "2658"]
[BlackElo "2515"]
[WhiteFideId "8602980"]
[BlackFideId "5015197"]
[EventDate "2021.06.12"]

1. e4 e6 2. d4 d5 3. Nd2 c5 4. exd5 exd5 5. Ngf3 Nc6 6. Bb5 Qe7+ 7. Qe2 Qxe2+ 8.
Kxe2 f6 9. dxc5 Bxc5 10. Nb3 Bb6 11. Be3 Bxe3 12. Kxe3 Ne7 13. Nbd4 Kf7 14. c3
a6 15. Bd3 Re8 16. Kd2 Ne5 17. Rae1 N7c6 18. b3 Nxf3+ 19. Nxf3 Bg4 20. Rxe8 Rxe8
21. Nd4 Nxd4 22. cxd4 Rc8 23. Re1 h6 24. h4 Rc7 25. g3 h5 26. Re3 g6 27. f3 Be6
28. Bxg6+ Kxg6 29. Rxe6 Rd7 30. Re8 Kf5 31. Rh8 Kg6 32. a4 a5 33. Ra8 b6 34. Rb8
Rd6 35. Rb7 Kf5 36. Rh7 Kg6 37. Rh8 Rd7 38. Ke3 Rc7 39. Kd2 Rd7 40. Rb8 Rd6 41.
Ke3 Rc6 42. Kf4 Rd6 43. g4 hxg4 44. fxg4 Re6 45. h5+ Kh6 46. Kf5 Re4 47. Kxf6
Rf4+ 48. Ke5 Rxg4 49. Rxb6+ Kxh5 50. Kxd5 1-0

[Event "Women's Speed Chess Main"]
[Site "chess.com INT"]
[Date "2021.07.03"]
[Round "4.36"]
[White "Harika, Dronavalli"]
[Black "Hou, Yifan"]
[Result "0-1"]
[WhiteTitle "GM"]
[BlackTitle "GM"]
[WhiteElo "2515"]
[BlackElo "2658"]
[WhiteFideId "5015197"]
[BlackFideId "8602980"]
[EventDate "2021.06.12"]

1. b3 e5 2. Bb2 Nc6 3. e3 Nf6 4. Nf3 e4 5. Nd4 Nxd4 6. Bxd4 d5 7. Be2 Bd6 8. O-O
O-O 9. f3 c5 10. Bb2 d4 11. Na3 a6 12. Nc4 Bc7 13. exd4 cxd4 14. fxe4 Nxe4 15.
Bf3 Qh4 16. g3 Nxg3 17. Qe1 Bh3 18. Bg2 Rae8 19. Qf2 Bxg2 20. Kxg2 Qe4+ 21. Qf3
Nxf1 22. Rxf1 Qxf3+ 23. Kxf3 b5 0-1

[Event "Women's Speed Chess Main"]
[Site "chess.com INT"]
[Date "2021.07.03"]
[Round "4.37"]
[White "Hou, Yifan"]
[Black "Harika, Dronavalli"]
[Result "0-1"]
[WhiteTitle "GM"]
[BlackTitle "GM"]
[WhiteElo "2658"]
[BlackElo "2515"]
[WhiteFideId "8602980"]
[BlackFideId "5015197"]
[EventDate "2021.06.12"]

1. e4 e6 2. d4 d5 3. Nd2 h6 4. Ngf3 Nf6 5. e5 Nfd7 6. Bd3 c5 7. c3 Nc6 8. O-O g5
9. dxc5 Ncxe5 10. Nxe5 Nxe5 11. Bb5+ Bd7 12. Qe2 Bg7 13. Nb3 a6 14. Bxd7+ Qxd7
15. f4 gxf4 16. Bxf4 Ng6 17. Bd6 Bf8 18. Bg3 Rc8 19. Qf2 h5 20. h3 h4 21. Bh2
Rh5 22. Rad1 Rf5 23. Qe3 Rxf1+ 24. Rxf1 Qc6 25. Kh1 Bxc5 26. Nxc5 Qxc5 27. Qh6
Qf8 28. Qh5 Qe7 29. Qh7 Rc4 30. Qg7 Qf8 31. Qf6 Qe7 32. Qg7 e5 33. Qh6 Re4 34.
Rd1 Qe6 35. Qh5 d4 36. Qf3 f5 37. cxd4 exd4 38. Rf1 Re1 39. Bg1 Rxf1 40. Qxf1
Qe4 41. Qd1 d3 42. Qd2 Nf4 43. Be3 Nd5 44. Bg5 f4 45. Bxh4 Ne3 46. Kg1 Nxg2 47.
Qxg2 Qxg2+ 48. Kxg2 d2 0-1

[Event "Women's Speed Chess Main"]
[Site "chess.com INT"]
[Date "2021.07.03"]
[Round "4.38"]
[White "Harika, Dronavalli"]
[Black "Hou, Yifan"]
[Result "1-0"]
[WhiteTitle "GM"]
[BlackTitle "GM"]
[WhiteElo "2515"]
[BlackElo "2658"]
[WhiteFideId "5015197"]
[BlackFideId "8602980"]
[EventDate "2021.06.12"]

1. b3 e5 2. Bb2 Nc6 3. e3 Nf6 4. c4 d5 5. cxd5 Nxd5 6. a3 Bd6 7. Nc3 Nxc3 8.
Bxc3 Bf5 9. Ne2 O-O 10. Ng3 Be6 11. Qc2 Qe7 12. Bd3 g6 13. h4 f5 14. h5 e4 15.
hxg6 Ne5 16. gxh7+ Kh8 17. Bc4 Bxc4 18. bxc4 c5 19. Qb2 b6 20. Rh6 Rae8 21. Nh5
Bc7 22. Nf4 Rf6 23. Nd5 Nd3+ 24. Kf1 Nxb2 25. Nxe7 1-0

[Event "Women's Speed Chess Main"]
[Site "chess.com INT"]
[Date "2021.07.03"]
[Round "4.39"]
[White "Hou, Yifan"]
[Black "Harika, Dronavalli"]
[Result "1-0"]
[WhiteTitle "GM"]
[BlackTitle "GM"]
[WhiteElo "2658"]
[BlackElo "2515"]
[WhiteFideId "8602980"]
[BlackFideId "5015197"]
[EventDate "2021.06.12"]

1. e4 e6 2. d4 d5 3. Nd2 h6 4. e5 c5 5. c3 Nc6 6. Ndf3 Qb6 7. Bd3 cxd4 8. cxd4
Bd7 9. Ne2 Nb4 10. Bb1 Bb5 11. a3 Nc6 12. Be3 Nge7 13. O-O Nf5 14. Bxf5 exf5 15.
Re1 Bxe2 16. Qxe2 Nd8 17. Nh4 g6 18. Qf3 Qe6 19. g3 Be7 20. Ng2 g5 21. Bd2 Rg8
22. Ne3 f4 23. Nxd5 Kf8 24. Nxe7 Kxe7 25. d5 1-0

[Event "Women's Speed Chess Main"]
[Site "chess.com INT"]
[Date "2021.07.03"]
[Round "4.310"]
[White "Harika, Dronavalli"]
[Black "Hou, Yifan"]
[Result "0-1"]
[WhiteTitle "GM"]
[BlackTitle "GM"]
[WhiteElo "2515"]
[BlackElo "2658"]
[WhiteFideId "5015197"]
[BlackFideId "8602980"]
[EventDate "2021.06.12"]

1. b3 e5 2. Bb2 Nc6 3. e3 Nf6 4. c4 d5 5. cxd5 Nxd5 6. a3 a6 7. Qc2 Be7 8. Nf3
Qd6 9. Nc3 Be6 10. Bd3 Ndb4 11. axb4 Nxb4 12. Bb5+ c6 13. Qe4 cxb5 14. O-O O-O
15. Ba3 Qc6 16. Qxe5 Nd3 17. Qd4 Rfd8 18. Qe4 b4 19. Qxc6 bxc6 20. Nd4 Rxd4 21.
exd4 bxa3 22. Ne4 Bxb3 23. Rfb1 Bd5 24. Nc3 g5 25. Nxd5 cxd5 26. Rb3 Nf4 27. g3
Ne6 28. Kg2 Nxd4 29. Rd3 Rd8 30. Ra2 Ne6 31. h3 Kg7 32. Rf3 d4 33. Rb3 Rc8 34.
Rb6 a5 35. Ra6 Bb4 0-1